| 000 -LEADER |
| fixed length control field |
01159nam a22001817a 4500 |
| 005 - DATE AND TIME OF LATEST TRANSACTION |
| control field |
20240531154358.0 |
| 008 - FIXED-LENGTH DATA ELEMENTS--GENERAL INFORMATION |
| fixed length control field |
240531s1992 ge ||||| |||| 00| 0 geo d |
| 080 ## - UNIVERSAL DECIMAL CLASSIFICATION NUMBER |
| Universal Decimal Classification number |
61.89(479.22) ბ-14 |
| 100 ## - MAIN ENTRY--PERSONAL NAME |
| Personal name |
ბაგრატიონი, დავით |
| 9 (RLIN) |
22265 |
| 245 ## - TITLE STATEMENT |
| Title |
იადიგარ დაუდი / |
| Statement of responsibility, etc. |
დავით ბაგრატიონი; [გამოსაც. მოამზადეს: იოსებ ქურჩიშვილმა და ბენიამინ ქურჩიშვილმა; რედ.: კ. დანელია]. |
| 264 ## - PRODUCTION, PUBLICATION, DISTRIBUTION, MANUFACTURE, AND COPYRIGHT NOTICE |
| Place of production, publication, distribution, manufacture |
თბ. : |
| Name of producer, publisher, distributor, manufacturer |
თბილ. უნ-ტის გამ-ბა, |
| Date of production, publication, distribution, manufacture, or copyright notice |
1992. |
| 300 ## - PHYSICAL DESCRIPTION |
| Extent |
782 გვ. ; |
| Other physical details |
20 სმ. |
| 653 ## - INDEX TERM--UNCONTROLLED |
| keyword |
ქართული ხალხური მედიცინა |
| 700 ## - ADDED ENTRY--PERSONAL NAME |
| Personal name |
ქურჩიშვილი, იოსებ |
| Relator term |
გამოსაცემად მოამზადა |
| 9 (RLIN) |
22266 |
| 700 ## - ADDED ENTRY--PERSONAL NAME |
| Personal name |
ქურჩიშვილი, ბენიამინ |
| Relator term |
გამოსაცემად მოამზადა |
| 9 (RLIN) |
22267 |
| 700 ## - ADDED ENTRY--PERSONAL NAME |
| Personal name |
დანელია, კ. |
| Relator term |
რედაქტორი |
| 9 (RLIN) |
7767 |
| 942 ## - ADDED ENTRY ELEMENTS (KOHA) |
| Source of classification or shelving scheme |
|
| Koha item type |
წიგნი |